Menuju negeri abadi

Bibliographic Details
Main Author: Muhammad Hasan
Format: Book
Language:Malay
Published: Kuala Lumpur : Jasmin , 2006
Subjects:

MARC

LEADER 00000cam a2200000 7i4500
001 0000019366
005 20090612.0
008 090609s my a may
020 |a 9833791018 ,   |c RM22.00 
040 |a INS 
090 0 0 |a BP166.815   |b M84 2006 
100 0 |a Muhammad Hasan 
245 1 0 |a Menuju negeri abadi   |c Muhammad Hasan 
260 |a Kuala Lumpur :   |b Jasmin ,   |c 2006 
300 |a xii, 434ms. ;   |c 22cm. 
650 0 |a Death   |x Religious aspects   |x Islam 
650 0 |a Judgement Day (Islam) 
999 |a 0000021045   |b BOOK   |c Open Shelf   |e Default branch